Online Catalogue and eLibrary

Fields of Vision: (Record no. 1086)

MARC details
000 -LEADER
fixed length control field 00500nam a2200181Ia 4500
005 - DATE AND TIME OF LATEST TRANSACTION
control field 20250320051159.0
008 - FIXED-LENGTH DATA ELEMENTS--GENERAL INFORMATION
fixed length control field 240331s9999 xx 000 0 und d
020 ## - INTERNATIONAL STANDARD BOOK NUMBER
ISBN 019212269X
082 ## - DDC Classification
Class No. 302.2
Item Number - Author Mark ENR
DDC Edition Number 2017
100 ## - MAIN ENTRY--PERSONAL NAME
Personal name Enright, D. J
245 #0 - TITLE STATEMENT
Title Fields of Vision:
Remainder of title Essays on Literature, Language, and Television
260 ## - PUBLICATION, DISTRIBUTION, ETC.
Place of publication, distribution, etc. Oxford;
-- New York,
Name of publisher, distributor, etc. Oxford University Press
Date of publication, distribution, etc. 1988
300 ## - PHYSICAL DESCRIPTION
Extent (e.g. Volumes, Pages etc.) viii, 248 p.,
650 ## - SUBJECT ADDED ENTRY--TOPICAL TERM
Topical term or geographic name entry element Literature
650 ## - SUBJECT ADDED ENTRY--TOPICAL TERM
Topical term or geographic name entry element Television
650 ## - SUBJECT ADDED ENTRY--TOPICAL TERM
Topical term or geographic name entry element Language
942 ## - Koha item type (Biblio)
Koha item type Books in Stacks (Lending)
Holdings
Lost status Damaged status Collection code Home library Current library Shelving location Date acquired Full call number Accession Number Item type
    Lending WERC Library WERC Library Social Science Cupboard 03/31/2024 302.2 ENR 2017 Books in Stacks (Lending)

© WERC Library